Statystyki dla Podział administr. Rosji

Kliknij tutaj aby rozwiązać quiz!

Ogólne statystyki

  • Ten quiz został rozwiązany 27 razy
  • Średni wynik to 8 z 84

Statystyki odpowiedzi

StolicaTerytorium% Poprawnych
- miasto wydzielone -Moskwa
80%
- miasto wydzielone -Petersburg
45%
BarnaułKraj Ałtajski
15%
NoworosyjskKraj Krasnodarski
15%
MoskwaObwód moskiewski
15%
SmoleńskObwód smoleński
15%
MajkopRepublika Adygei
15%
- miasto wydzielone -Sewastopol
15%
Pietropawłowsk KamczackiKraj Kamczacki
10%
WładywostokKraj Nadmorski
10%
Perm (miasto)Kraj Permski
10%
ArchangielskObwód archangielski
10%
AstrachańObwód astrachański
10%
BiełgorodObwód biełgorodzki
10%
IrkuckObwód irkucki
10%
KaliningradObwód kaliningradzki
10%
KemerowoObwód kemerowski
10%
KirowObwód kirowski
10%
PetersburgObwód leningradzki
10%
LipieckObwód lipiecki
10%
MagadanObwód magadański
10%
MurmańskObwód murmański
10%
Nowogród WielkiObwód nowogrodzki
10%
NowosybirskObwód nowosybirski
10%
OmskObwód omski
10%
OrzełObwód orłowski
10%
PskowObwód pskowski
10%
Rostów nad DonemObwód rostowski
10%
JużnosachalińskObwód sachaliński
10%
SaratówObwód saratowski
10%
JekaterynburgObwód swierdłowski
10%
TiumeńObwód tiumeński
10%
TomskObwód tomski
10%
TwerObwód twerski
10%
WołgogradObwód wołgogradzki
10%
WoroneżObwód woroneski
10%
GornoałtajskRepublika Ałtaju
10%
UfaRepublika Baszkortostanu
10%
MachaczkałaRepublika Dagestanu
10%
MagasRepublika Inguszetii
10%
JakuckRepublika Jakucji
10%
ElistaRepublika Kałmucji
10%
SymferopolRepublika Krymu
10%
Joszkar-OłaRepublika Mari El
10%
SarańskRepublika Mordowii
10%
KazańRepublika Tatarstanu
10%
KyzyłRepublika Tuwy
10%
Chanty-MansyjskChanty-Mansyjski Okręg Autonomiczny
5%
ChabarowskKraj Chabarowski
5%
StawropolKraj Stawropolski
5%
CzytaKraj Zabajkalski
5%
Narjan-MarNieniecki Okręg Autonomiczny
5%
BłagowieszczeńskObwód amurski
5%
BriańskObwód briański
5%
CzelabińskObwód czelabiński
5%
IwanowoObwód iwanowski
5%
JarosławlObwód jarosławski
5%
KaługaObwód kałuski
5%
KostromaObwód kostromski
5%
KurganObwód kurgański
5%
KurskObwód kurski
5%
OrenburgObwód orenburski
5%
PenzaObwód penzeński
5%
RiazanObwód riazański
5%
SamaraObwód samarski
5%
TambowObwód tambowski
5%
UljanowskObwód uljanowski
5%
WłodzimierzObwód włodzimierski
5%
Ułan UdeRepublika Buriacji
5%
AbakanRepublika Chakasji
5%
GroznyRepublika Czeczeńska
5%
CzeboksaryRepublika Czuwaska
5%
NalczykRepublika Kabardyjsko-Bałkarska
5%
PietrozawodskRepublika Karelii
5%
SyktywkarRepublika Komi
5%
BirobidżanŻydowski Obwód Autonomiczny
5%
AnadyrCzukocki Okręg Autonomiczny
0%
SalechardJamalsko-Nieniecki Okręg Autonomiczny
0%
Niżny NowogródObwód niżnowogrodzki
0%
TułaObwód tulski
0%
WołogdaObwód wołogodzki
0%
CzerkieskRepublika Karaczajsko-Czerkieska
0%
WładykaukazRepublika Osetii Północnej - Alania
0%
IżewskRepublika Udmurcji
0%

Rozkład punktacji

Percentyl według liczby udzielonych odpowiedzi

Procent ludzi z każdym wynikiem

Twoja historia wyników

Nie rozwiązałeś tego quizu